Obálka Náhled e-knihy:
PDF Epub
Pro půjčování e-knih musíte být přihlášeni.
Jak si půjčit online?

Šeptej nahlas : český Shoegaze mezi Východem a Západem /

Publikace mapuje fenomén české shoegaze scény 90. let 20. století.

Uloženo v:
Hlavní autor: Hroch, Miloš, 1989- (Autor)
Médium: E-kniha
Jazyk:Czech
Vydáno: V Praze : Paseka, 2025
Vydání:Vydání první
Témata:
Tagy:
Žádné tagy
LEADER 03503nam a2200613 i 4500
001 313611
003 CZ PrSKC
005 20260604062720.0
007 ta
008 250502s2025 xr a e 001 0 cze
015 |a cnb003683959 
020 |a 9788076375314  |q (brožováno) 
035 |a (OCoLC)1522999858 
040 |a OLA001  |b cze  |e rda 
043 |a e-xr--- 
045 |a x-y- 
072 7 |a 78.03  |x Hudební styly, vlivy, školy  |2 Konspekt 
080 |a 78.036.011.26  |2 MRF 
080 |a 78.071.1/.2  |2 MRF 
080 |a 785.16.071  |2 MRF 
080 |a 78-027.22  |2 MRF 
080 |a 78.04/.06  |2 MRF 
080 |a (437.3)  |2 MRF 
080 |a (0:82-96)  |2 MRF 
100 1 |a Hroch, Miloš,  |d 1989-  |7 jo2017974644  |4 aut 
245 1 0 |a Šeptej nahlas :  |b český Shoegaze mezi Východem a Západem /  |c Miloš Hroch 
250 |a Vydání první 
264 1 |a V Praze :  |b Paseka,  |c 2025 
300 |a 294 stran :  |b ilustrace ;  |c 20 cm 
336 |a text  |b txt  |2 rdacontent 
337 |a bez média  |b n  |2 rdamedia 
338 |a svazek  |b nc  |2 rdacarrier 
504 |a Obsahuje bibliografii a rejstřík 
520 2 |a Publikace mapuje fenomén české shoegaze scény 90. let 20. století.  |b Kniha je poutavým reportážním průvodcem dosud přehlíženou a málo zpracovanou kapitolou české hudební historie -- domácí shoegaze scénou 90. let 20. století. Autor, hudební publicista a historik, sleduje osudy kapel jako jsou Ecstasy of St. Theresa, Here, Toyen nebo Sebastians, které po roce 1989 využily nově nabyté svobody k experimentům se zvukem a pronikly i do zahraničních médií, včetně MTV a BBC. Praha se tak na krátký čas stala evropským centrem shoegazu a přitahovala pozornost nejen hudebníků, ale i mezinárodních médií. Publikace vychází z rozhovorů s hudebníky, producenty i pamětníky a zasazuje jejich příběhy do širšího kontextu kulturní transformace po pádu železné opony. Text doplňují dobové fotografie, přehled diskografie a reflexe tehdejší hudební kritiky. 
648 7 |a 20.-21. století  |7 ch462155  |2 czenas 
650 0 7 |a shoegaze  |7 ph1263291  |z Česko  |y 20.-21. století  |2 czenas 
650 0 7 |a rock  |7 ph125174  |z Česko  |y 20.-21. století  |2 czenas 
650 0 7 |a rockoví hudebníci  |7 ph125178  |z Česko  |y 20.-21. století  |2 czenas 
650 0 7 |a hudební skupiny  |7 ph120924  |z Česko  |y 20.-21. století  |2 czenas 
650 0 7 |a hudební život  |7 ph135177  |z Česko  |y 20.-21. století  |2 czenas 
650 0 7 |a hudba a společnost  |7 ph120871  |z Česko  |y 20.-21. století  |2 czenas 
650 0 9 |a shoegaze  |z Czechia  |y 20th-21st centuries  |2 eczenas 
650 0 9 |a rock music  |z Czechia  |y 20th-21st centuries  |2 eczenas 
650 0 9 |a rock musicians  |z Czechia  |y 20th-21st centuries  |2 eczenas 
650 0 9 |a musical groups  |z Czechia  |y 20th-21st centuries  |2 eczenas 
650 0 9 |a musical life  |z Czechia  |y 20th-21st centuries  |2 eczenas 
650 0 9 |a music and society  |z Czechia  |y 20th-21st centuries  |2 eczenas 
655 7 |a literatura faktu  |7 fd132773  |2 czenas 
655 9 |a non-fiction  |2 eczenas 
900 |a ABA001  |b 19 
044 |a xr 
910 |a RBIT002 
998 |d 424901  |a https://core.palmknihy.cz/api/books/424901/cover?tbh86j  |b https://core.palmknihy.cz/api/books/424901/cover/400?tbh86j  |c https://core.palmknihy.cz/api/books/424901/cover/50?tbh86j  |e 2034-04-01  |g 296  |i 9788076375314  |j https://core.palmknihy.cz/api/books/424901/preview.epub  |k https://core.palmknihy.cz/api/books/424901/preview.pdf  |l   |q 49  |r 1  |s https://www.palmknihy.cz/kniha/424901  |t ebook  |y 2025  |z 0 
999 |d 313609